000
00252nam a2200097Ia 4500
001
760572
005
20250826165151.0
008
250824s9999 xx 000 0 und d
245
0
_a
OSMANLI DA DERİN DEVLET
_c
YAVUZ BAHADIROĞLU
260
_b
PANAMA YAYINLARI
999
_c
760572
_d
760572